Pays ayant la plus grande couverture forestière - Statistiques

Statistiques générales
  • Ce quiz a été pris 35 fois
  • Le résultat moyen est 6 sur 15
Statistiques - réponses
% Pays % Correct
70 % Guyana
76%
75 % Suède
64%
90 % Suriname
64%
69 % Finlande
61%
72 % Laos
52%
75 % Belize
39%
85 % Gabon
33%
89 % Seychelles
33%
89 % Tuvalu
33%
87 % Palaos
27%
78 % îles Salomon
24%
67 % Japon
18%
90 % Micronésie
18%
78 % Mozambique
18%
66 % Zimbabwe
12%
Aucun quiz correspondant
Distribution des résultats
% des personnes avec chaque résultat
Percentile par nombre de réponses
Votre historique - résultats
Vous n’avez pas pris ce quiz